<?xml version="1.0" encoding="UTF-8"?>
<record
    xmlns:xsi="http://www.w3.org/2001/XMLSchema-instance"
    xsi:schemaLocation="http://www.loc.gov/MARC21/slim http://www.loc.gov/standards/marcxml/schema/MARC21slim.xsd"
    xmlns="http://www.loc.gov/MARC21/slim">

  <leader>00970nam a2200265 a 4500</leader>
  <controlfield tag="005">20180104140516.0</controlfield>
  <controlfield tag="008">070813r20072004enk           000 0 eng  </controlfield>
  <datafield tag="010" ind1=" " ind2=" ">
    <subfield code="a">B-370154-165</subfield>
  </datafield>
  <datafield tag="020" ind1=" " ind2=" ">
    <subfield code="a">9780198064640</subfield>
    <subfield code="c">298.75</subfield>
  </datafield>
  <datafield tag="035" ind1=" " ind2=" ">
    <subfield code="a">B-370154-165</subfield>
  </datafield>
  <datafield tag="037" ind1=" " ind2=" ">
    <subfield code="b">Impulse</subfield>
  </datafield>
  <datafield tag="040" ind1=" " ind2=" ">
    <subfield code="a">dpl</subfield>
    <subfield code="b">English </subfield>
  </datafield>
  <datafield tag="082" ind1=" " ind2=" ">
    <subfield code="a">488</subfield>
  </datafield>
  <datafield tag="100" ind1=" " ind2=" ">
    <subfield code="a">Soanes, Catherine</subfield>
  </datafield>
  <datafield tag="245" ind1=" " ind2=" ">
    <subfield code="a">Oxford A-Z of spelling /</subfield>
    <subfield code="c">by Catherine Soanes [and]  Sheila Ferguson</subfield>
  </datafield>
  <datafield tag="260" ind1=" " ind2=" ">
    <subfield code="a">New Delhi </subfield>
    <subfield code="b">Oxford University Press</subfield>
    <subfield code="c">2010(repr.)</subfield>
  </datafield>
  <datafield tag="270" ind1=" " ind2=" ">
    <subfield code="a">YMCA Library Building, Jai Singh Road, </subfield>
    <subfield code="b">New Delhi </subfield>
    <subfield code="e">110001</subfield>
  </datafield>
  <datafield tag="300" ind1=" " ind2=" ">
    <subfield code="a">xiv, 140 p. </subfield>
    <subfield code="c">18 cm(Hb) </subfield>
  </datafield>
  <datafield tag="500" ind1=" " ind2=" ">
    <subfield code="a">This book published in 4 vol. and set price is 1195.00</subfield>
  </datafield>
  <datafield tag="650" ind1=" " ind2=" ">
    <subfield code="a">English language</subfield>
    <subfield code="x">Orthography and spelling</subfield>
    <subfield code="v">Dictionaries.</subfield>
  </datafield>
  <datafield tag="650" ind1=" " ind2=" ">
    <subfield code="a">Spellers.</subfield>
  </datafield>
  <datafield tag="700" ind1=" " ind2=" ">
    <subfield code="a">Ferguson, Sheila</subfield>
  </datafield>
  <datafield tag="942" ind1=" " ind2=" ">
    <subfield code="2">ddc</subfield>
    <subfield code="c">CH</subfield>
    <subfield code="h">488</subfield>
    <subfield code="m">SOA</subfield>
  </datafield>
  <datafield tag="999" ind1=" " ind2=" ">
    <subfield code="c">32466</subfield>
    <subfield code="d">32466</subfield>
  </datafield>
  <datafield tag="952" ind1=" " ind2=" ">
    <subfield code="0">0</subfield>
    <subfield code="1">0</subfield>
    <subfield code="2">ddc</subfield>
    <subfield code="4">0</subfield>
    <subfield code="7">1</subfield>
    <subfield code="8">NFIC</subfield>
    <subfield code="a">L</subfield>
    <subfield code="b">L</subfield>
    <subfield code="d">2010-05-22</subfield>
    <subfield code="e">Impulse/CS 2478/4.4.10/162/27.1.10/4.2.10</subfield>
    <subfield code="g">298.75</subfield>
    <subfield code="l">0</subfield>
    <subfield code="o">488 SOA</subfield>
    <subfield code="p">B-370154</subfield>
    <subfield code="r">2010-05-22 00:00:00</subfield>
    <subfield code="t">1</subfield>
    <subfield code="v">298.75</subfield>
    <subfield code="w">2010-05-22</subfield>
    <subfield code="y">RF</subfield>
  </datafield>
  <datafield tag="952" ind1=" " ind2=" ">
    <subfield code="0">0</subfield>
    <subfield code="1">5</subfield>
    <subfield code="2">ddc</subfield>
    <subfield code="4">0</subfield>
    <subfield code="7">1</subfield>
    <subfield code="8">NFIC</subfield>
    <subfield code="a">BL1</subfield>
    <subfield code="b">BL1</subfield>
    <subfield code="d">2010-05-22</subfield>
    <subfield code="e">Impulse/CS 2478/4.4.10/162/27.1.10/4.2.10</subfield>
    <subfield code="g">298.75</subfield>
    <subfield code="l">0</subfield>
    <subfield code="o">488 SOA</subfield>
    <subfield code="p">B-370155</subfield>
    <subfield code="r">2010-05-22 00:00:00</subfield>
    <subfield code="t">1</subfield>
    <subfield code="v">298.75</subfield>
    <subfield code="y">RF</subfield>
  </datafield>
  <datafield tag="952" ind1=" " ind2=" ">
    <subfield code="0">0</subfield>
    <subfield code="1">0</subfield>
    <subfield code="2">ddc</subfield>
    <subfield code="4">0</subfield>
    <subfield code="7">1</subfield>
    <subfield code="8">NFIC</subfield>
    <subfield code="a">JP</subfield>
    <subfield code="b">JP</subfield>
    <subfield code="d">2010-05-22</subfield>
    <subfield code="e">Impulse/CS 2478/4.4.10/162/27.1.10/4.2.10</subfield>
    <subfield code="g">298.75</subfield>
    <subfield code="l">0</subfield>
    <subfield code="o">488 SOA</subfield>
    <subfield code="p">B-370156</subfield>
    <subfield code="r">2018-06-29 00:00:00</subfield>
    <subfield code="t">1</subfield>
    <subfield code="v">298.75</subfield>
    <subfield code="w">2010-05-22</subfield>
    <subfield code="y">RF</subfield>
  </datafield>
  <datafield tag="952" ind1=" " ind2=" ">
    <subfield code="0">0</subfield>
    <subfield code="1">0</subfield>
    <subfield code="2">ddc</subfield>
    <subfield code="4">0</subfield>
    <subfield code="7">1</subfield>
    <subfield code="8">NFIC</subfield>
    <subfield code="a">RKP</subfield>
    <subfield code="b">RKP</subfield>
    <subfield code="d">2010-05-22</subfield>
    <subfield code="e">Impulse/CS 2478/4.4.10/162/27.1.10/4.2.10</subfield>
    <subfield code="g">298.75</subfield>
    <subfield code="l">0</subfield>
    <subfield code="o">488 SOA</subfield>
    <subfield code="p">B-370158</subfield>
    <subfield code="r">2010-05-22 00:00:00</subfield>
    <subfield code="t">1</subfield>
    <subfield code="v">298.75</subfield>
    <subfield code="w">2010-05-22</subfield>
    <subfield code="y">RF</subfield>
  </datafield>
  <datafield tag="952" ind1=" " ind2=" ">
    <subfield code="0">0</subfield>
    <subfield code="1">0</subfield>
    <subfield code="2">ddc</subfield>
    <subfield code="4">0</subfield>
    <subfield code="7">1</subfield>
    <subfield code="8">NFIC</subfield>
    <subfield code="a">AG</subfield>
    <subfield code="b">AG</subfield>
    <subfield code="d">2010-05-22</subfield>
    <subfield code="e">Impulse/CS 2478/4.4.10/162/27.1.10/4.2.10</subfield>
    <subfield code="g">298.75</subfield>
    <subfield code="l">0</subfield>
    <subfield code="o">488 SOA</subfield>
    <subfield code="p">B-370159</subfield>
    <subfield code="r">2010-05-22 00:00:00</subfield>
    <subfield code="t">1</subfield>
    <subfield code="v">298.75</subfield>
    <subfield code="w">2010-05-22</subfield>
    <subfield code="y">RF</subfield>
  </datafield>
  <datafield tag="952" ind1=" " ind2=" ">
    <subfield code="0">0</subfield>
    <subfield code="1">5</subfield>
    <subfield code="2">ddc</subfield>
    <subfield code="4">0</subfield>
    <subfield code="7">1</subfield>
    <subfield code="8">NFIC</subfield>
    <subfield code="a">SP</subfield>
    <subfield code="b">SP</subfield>
    <subfield code="d">2010-05-22</subfield>
    <subfield code="e">Impulse/CS 2478/4.4.10/162/27.1.10/4.2.10</subfield>
    <subfield code="g">298.75</subfield>
    <subfield code="l">0</subfield>
    <subfield code="o">488 SOA</subfield>
    <subfield code="p">B-370160</subfield>
    <subfield code="r">2010-05-22 00:00:00</subfield>
    <subfield code="t">1</subfield>
    <subfield code="v">298.75</subfield>
    <subfield code="y">RF</subfield>
  </datafield>
  <datafield tag="952" ind1=" " ind2=" ">
    <subfield code="0">0</subfield>
    <subfield code="1">5</subfield>
    <subfield code="2">ddc</subfield>
    <subfield code="4">0</subfield>
    <subfield code="7">1</subfield>
    <subfield code="8">NFIC</subfield>
    <subfield code="a">VP</subfield>
    <subfield code="b">VP</subfield>
    <subfield code="d">2010-05-22</subfield>
    <subfield code="e">Impulse/CS 2478/4.4.10/162/27.1.10/4.2.10</subfield>
    <subfield code="g">298.75</subfield>
    <subfield code="l">0</subfield>
    <subfield code="o">488 SOA</subfield>
    <subfield code="p">B-370161</subfield>
    <subfield code="r">2010-05-22 00:00:00</subfield>
    <subfield code="t">1</subfield>
    <subfield code="v">298.75</subfield>
    <subfield code="y">RF</subfield>
  </datafield>
  <datafield tag="952" ind1=" " ind2=" ">
    <subfield code="0">0</subfield>
    <subfield code="1">5</subfield>
    <subfield code="2">ddc</subfield>
    <subfield code="4">0</subfield>
    <subfield code="7">1</subfield>
    <subfield code="8">NFIC</subfield>
    <subfield code="a">BL3</subfield>
    <subfield code="b">BL3</subfield>
    <subfield code="d">2010-05-22</subfield>
    <subfield code="e">Impulse/CS 2478/4.4.10/162/27.1.10/4.2.10</subfield>
    <subfield code="g">298.75</subfield>
    <subfield code="l">0</subfield>
    <subfield code="o">488 SOA</subfield>
    <subfield code="p">B-370162</subfield>
    <subfield code="r">2010-05-22 00:00:00</subfield>
    <subfield code="t">1</subfield>
    <subfield code="v">298.75</subfield>
    <subfield code="y">RF</subfield>
  </datafield>
  <datafield tag="952" ind1=" " ind2=" ">
    <subfield code="0">0</subfield>
    <subfield code="1">5</subfield>
    <subfield code="2">ddc</subfield>
    <subfield code="4">0</subfield>
    <subfield code="7">1</subfield>
    <subfield code="8">NFIC</subfield>
    <subfield code="a">NR</subfield>
    <subfield code="b">NR</subfield>
    <subfield code="d">2010-05-22</subfield>
    <subfield code="e">Impulse/CS 2478/4.4.10/162/27.1.10/4.2.10</subfield>
    <subfield code="g">298.75</subfield>
    <subfield code="l">0</subfield>
    <subfield code="o">488 SOA</subfield>
    <subfield code="p">B-370163</subfield>
    <subfield code="r">2010-05-22 00:00:00</subfield>
    <subfield code="t">1</subfield>
    <subfield code="v">298.75</subfield>
    <subfield code="y">RF</subfield>
  </datafield>
  <datafield tag="952" ind1=" " ind2=" ">
    <subfield code="0">0</subfield>
    <subfield code="1">0</subfield>
    <subfield code="2">ddc</subfield>
    <subfield code="4">0</subfield>
    <subfield code="7">0</subfield>
    <subfield code="8">NFIC</subfield>
    <subfield code="a">BN</subfield>
    <subfield code="b">BN</subfield>
    <subfield code="d">2010-05-22</subfield>
    <subfield code="e">Impulse/CS 2478/4.4.10/162/27.1.10/4.2.10</subfield>
    <subfield code="g">298.75</subfield>
    <subfield code="l">0</subfield>
    <subfield code="o">488 SOA</subfield>
    <subfield code="p">B-370164</subfield>
    <subfield code="r">2024-03-09 00:00:00</subfield>
    <subfield code="t">1</subfield>
    <subfield code="v">298.75</subfield>
    <subfield code="w">2010-05-22</subfield>
    <subfield code="y">RF</subfield>
  </datafield>
  <datafield tag="952" ind1=" " ind2=" ">
    <subfield code="0">0</subfield>
    <subfield code="1">5</subfield>
    <subfield code="2">ddc</subfield>
    <subfield code="4">0</subfield>
    <subfield code="7">1</subfield>
    <subfield code="8">NFIC</subfield>
    <subfield code="a">BL4</subfield>
    <subfield code="b">BL4</subfield>
    <subfield code="d">2010-05-22</subfield>
    <subfield code="e">Impulse/CS 2478/4.4.10/162/27.1.10/4.2.10</subfield>
    <subfield code="g">298.75</subfield>
    <subfield code="l">0</subfield>
    <subfield code="o">488 SOA</subfield>
    <subfield code="p">B-370165</subfield>
    <subfield code="r">2010-05-22 00:00:00</subfield>
    <subfield code="t">1</subfield>
    <subfield code="v">298.75</subfield>
    <subfield code="y">RF</subfield>
  </datafield>
  <datafield tag="952" ind1=" " ind2=" ">
    <subfield code="0">0</subfield>
    <subfield code="1">0</subfield>
    <subfield code="2">ddc</subfield>
    <subfield code="4">0</subfield>
    <subfield code="7">1</subfield>
    <subfield code="8">NFIC</subfield>
    <subfield code="a">ZLS</subfield>
    <subfield code="b">ZLS</subfield>
    <subfield code="d">2010-05-22</subfield>
    <subfield code="e">Impulse/CS 2478/4.4.10/162/27.1.10/4.2.10</subfield>
    <subfield code="g">298.75</subfield>
    <subfield code="l">0</subfield>
    <subfield code="o">488 SOA</subfield>
    <subfield code="p">B-370157</subfield>
    <subfield code="r">2010-05-22 00:00:00</subfield>
    <subfield code="t">1</subfield>
    <subfield code="w">2010-05-22</subfield>
    <subfield code="y">RF</subfield>
  </datafield>
</record>
